Lenguaje y Comunicación 2º Educación Básica: guía didáctica para el profesor, incluye Texto para el Estudiante y Cuaderno de Escritura
Guardado en:
| Autor principal: | |
|---|---|
| Otros Autores: | , , |
| Formato: | Libro |
| Lenguaje: | español |
| Publicado: |
Santiago
Santillana
2009
|
| Materias: | |
| Etiquetas: |
Agregar Etiqueta
Sin Etiquetas, Sea el primero en etiquetar este registro!
|
MARC
| LEADER | 00000nam a2200000 a 4500 | ||
|---|---|---|---|
| 001 | UCG0040 | ||
| 003 | CL-VaPUC | ||
| 005 | 20230712141831.0 | ||
| 008 | 100312e20090000CL |||||||||||||||||spa|d | ||
| 999 | |c 339791 |d 339789 | ||
| 020 | |a 9789561514829 | ||
| 040 | |c Pontificia Universidad Católica de Valparaíso | ||
| 082 | 0 | 4 | |a 372.6 HER 2009 |2 21 |
| 100 | |a Herrera Ahumada, María Inés |e author |9 547326 | ||
| 245 | 1 | 0 | |a Lenguaje y Comunicación 2º Educación Básica: guía didáctica para el profesor, incluye Texto para el Estudiante y Cuaderno de Escritura |
| 260 | |a Santiago |b Santillana |c 2009 | ||
| 300 | |a 366 páginas | ||
| 583 | |a last modification |c 20171004 12:17:31 |k Rodrigo Vera | ||
| 650 | 0 | |a Educación lingüística |9 306506 | |
| 650 | 0 | |a Educación básica |9 224933 | |
| 650 | 0 | |a Libros de texto |9 270019 | |
| 650 | 0 | |a Métodos de enseñanza |9 270413 | |
| 700 | 0 | |a Arenas Barrera, María Pía |9 547318 | |
| 700 | 0 | |a Benavides Hernández, María |9 547319 | |
| 700 | 0 | |a Acuña González, Evelyn |9 547320 | |
| 942 | |c BK |2 ddc | ||
| 945 | |d 20100312 00:00:00 |a rbrito | ||
| 952 | |0 0 |1 0 |2 ddc |4 0 |6 372_600000000000000_HER_2009 |7 0 |8 P |9 433747 |a BIBEDU |b BIBEDU |c BIBEDU_PB |d 2019-11-22 |i 4642732 |o 372.6 HER 2009 |p 4642732 |r 2024-01-25 |t 1 |w 2019-11-22 |y BK |k EBA | ||
| 952 | |0 0 |1 0 |2 ddc |4 0 |6 372_600000000000000_HER_2009 |7 0 |8 P |9 433748 |a BIBEDU |b BIBEDU |d 2019-11-22 |i 4642767 |o 372.6 HER 2009 |p 4642767 |r 2019-11-22 |t 2 |w 2019-11-22 |y BK |k EBA | ||